000 01101nam a2200217Ia 4500
001 15883
003 GE_BSU
008 181216s||||||||xx |||||||||||||| ||und||
040 _cGE_BSU
080 _a821.353.1+821.353.1-92
100 _aავჭავაძე, ი. (ილია, 1837-1907)
245 _aთხზულებათა სრული კრებული : 10 ტომად.ტ. 4
245 _bერი და ისტორია. წერილები სახალხო განათლების საკითხებზე
260 _aთბილისი
260 _bსახელგამი
260 _c1955
300 _a405 გვ.20 სმ.
653 _aერი და ისტორია. წერილები სახალხო განათლების საკითხებზე.
653 _aქართული ლიტერატურა; საქართველოს ისტორია; განათლების ისტორია საქართველოში
942 _cBK
999 _c48978
_d48978